000 01225nam a2200325 c 4500
003 BLK
005 20180920110236.0
008 180410b bul|||||r ||||||| ||bul||
010 _aKNG00156266000
020 _a978-954-491-819-4
_bиздат.: Жанет 45
040 _aBLK
041 _aBUL
_cBUL
072 7 _2bullib
_aН84
_xБългарска художествена литература Н
080 _aБългарска литература
_b821.163.2
_x-31
_z821.163.2-31
100 1 _aЛюбенов, Владо
_eпърви автор
_gПетров, Владимир Любенов
_9369648
700 1 _aПетров, Владимир Любенов
_e*
_9329299
139 _aЛюбенов, Владо
_bЛ 95
245 1 0 _aЕмигрантът
_cВладо Любенов; * Владимир Любенов Петров.
257 _aBGR
260 Пловдив
_bЖанет 45
_c2012
300 _a191 с.
_c20 см
380 _aX
500 _aПълното име на авт. Владимир Любенов Петров
659 _aН
852 _aЦб 263239
856 4 _qpdf
_u
856 4 _qpdf
_u
942 _cKNG
_n0
_01
944 _aCR
_c04.02.2014
_kГеновева_Генчева
944 _aED
_c09.10.2014
_k
999 _c149959
_d149959